00778nam a2200241 i 4500001001000000003000900010005001700019007000300036008004100039020001800080040003000098041000800128082002300136100003400159245004600193250002300239264007000262300004400332336002700376337003500403338003200438500006600470000024225DO-SdBNP20251212114606.0ta110125s2012 dr a r 000 p spa d a9789945164862 aDO-SdBNPbspacBNPHUerda aspa 4aRD861.5bB333i2221 aBatista, Lourdeseautor4aut.10aIn the solitude of my /cLourdes Batista. aPrimera edición  4aSanto Domingo, República Dominicana :bEditora Búho,c©2012. a45 páginas :bilustraciones ;c22 cm. atextobtxt2rdacontent asin mediación bn2rdamedia  avolumen bnc 2rdacarrier  aIncluye datos biográficos de la autora en la contracubierta